Internal Auditor

Detalles Bibliográficos
Formato: eBook
Lenguaje:inglés
Publicado: Estados Unidos Institute of Internal Auditors, Inc. 1991-2014
Materias:
Acceso en línea:Acceso restringido

MARC

LEADER 00000nam a22000007a 4500
005 2015111002432.0
007 cr|||| ||u|
008 151110s19912014-usun||os|||| 0|||a1eng d
022 |a  0020-5745  
035 |a 2865 
040 |a vLex 
090 |c 5692  |d 5692 
245 1 0 |a Internal Auditor  |h [Recurso electrn̤ico /  |c Institute of Internal Auditors, Inc. 
256 |a Servicio en ln̕ea 
260 |a Estados Unidos   |b Institute of Internal Auditors, Inc.  |c 1991-2014 
300 |a 1 recurso electrn̤ico  
310 |a Desconocida  
506 1 |a Contenido solo disponible en los productos indicados  |d vLex Global  |d vLex Global (Academic Edition, excluding Law Schools)  |d vLex Global (U.S. Academic Edition, Law Schools)  |d vLex Global (U.S. Academic Edition, excluding Law Schools)  |d vLex Global (Academic Edition, Law Schools) 
650 0 4 |a Auditoria Interna  |z Estados Unidos  
740 0 |a vLex libros (servicio en ln̕ea) 
856 4 0 |u http://vlex.com/source/internal-auditor-2865  |z Acceso restringido 
942 |c REV